Statistics for Countries with the Least Borders A-Z

Click here to take the quiz!

General Stats

  • This quiz has been taken 805 times
    (781 since last reset)
  • The average score is 21 of 24

Answer Stats

LetterCountry% Correct
AAustralia
96%
YYemen
95%
OOman
94%
QQatar
94%
ZZimbabwe
94%
JJapan
93%
TTrinidad & Tobago
93%
CCuba
92%
MMadagascar
92%
BBahrain
91%
SSaint Kitts & Nevis
91%
HHaiti
90%
NNew Zealand
90%
FFiji
89%
PPhilippines
89%
DDominica
88%
VVanuatu
86%
IIceland
84%
KKiribati
83%
GGrenada
82%
UUnited Kingdom
82%
RRwanda
76%
EEast Timor
69%
LLesotho
60%

Score Distribution

Percentile by Number Answered

Percent of People with Each Score

Your Score History

You have not taken this quiz since the last reset